000
00320nam a2200133Ia 4500
008
240624s9999 xx 000 0 und d
041
_a
eng
082
_a
823 KLE
100
_a
KLEYPAS LISA
245
_a
IT HAPPENED ONE AUTUMN
260
_c
2005
_a
New York
_b
Avon Books
300
_a
391 : p. : cm. ; 17
365
_c
_b
20
999
_c
12678
_d
12678